000
00299nam a2200121 a 4500
008
100917s1968|||| d
100
1
_a
Druon, Maurice
245
1
0
_a
Skon kurtizány Lucrezie
020
_c
14
260
_a
Bratislava
_b
Slovenský spisovateľ
_c
1968
044
_a
xo
_c
SK
041
_a
slo
999
_c
10484
_d
10484